| 000 | 01116cad a22002175a 4500 | ||
|---|---|---|---|
| 001 | L155006 | ||
| 008 | 120217s2012 xxk f 000 0 eng d | ||
| 035 | _a(Sirsi) u155006 | ||
| 041 | 0 | _aeng | |
| 110 | 2 |
_aKnight Frank _91530 |
|
| 245 | 0 | 0 |
_aHouse prices fall again in February but low base rates boost borrowers' expectations _h[electronic resource] |
| 260 |
_aLondon _bKnight Frank _b2012 |
||
| 490 | 0 |
_aKnight Frank/Markit House Price Sentiment Index _vFebruary 2012 |
|
| 520 | _aUK house prices fell in February 2012 for 20 consecutive months. Property values are perceived to have fallen in all regions with sharpest decline in confidence in Wales, Yorkshire and Humber. Mortgage borrowers expect prices to rise over next 12 months whilst those who own home outright expect prices to fall. | ||
| 590 | _aKA | ||
| 651 | 4 |
_aUnited Kingdom _y |
|
| 690 |
_aResidential property _96266 |
||
| 710 |
_aMarkit _95915 |
||
| 856 | 4 | 0 |
_uhttps://resources.knightfrank.com/getnewsresource.ashx?id=f37f94f4-bb7b-4167-bde2-73d6338c0f8a&type=1 _zView this item free of charge at www.resources.knightfrank.com |
| 942 | _n0 | ||
| 999 |
_c113279 _d113279 |
||